000
003260000a22001570004500
003
MACL
040
_a
MACL
090
_c
42503
_d
42501
100
_a
Wilfert, P
245
_a
Personality Judgement
260
_b
Pearl Books
_c
2008
350
_a
675
650
_a
Education
942
_c
BOOK
_k
370/WIL
951
_o
370/WIL BOOK
999
_c
42055
_d
42055